Central Library OPAC University of Rajshahi

The poems of W.B. Yeats / (Record no. 63722)

MARC details
000 -LEADER
fixed length control field 00848nam a2200265 a 4500
001 - CONTROL NUMBER
control field 63722
003 - CONTROL NUMBER IDENTIFIER
rucl marc code BD-RjUL
005 - DATE AND TIME OF LATEST TRANSACTION
control field 20211209081227.0
008 - FIXED-LENGTH DATA ELEMENTS--GENERAL INFORMATION
fixed length control field 170202s1964 enkaf 001 0 eng
035 ## - SYSTEM CONTROL NUMBER
System control number (BD-RjUL)63851
040 ## - CATALOGING SOURCE
Original cataloging agency DLC
Transcribing agency DLC
Modifying agency BD-RjUL
Language of cataloging eng
041 ## - LANGUAGE CODE
Language code of text/sound track or separate title eng
082 00 - DEWEY DECIMAL CLASSIFICATION NUMBER
Classification number 821
Edition number 23
Author mark and year YEP 1964
100 1# - MAIN ENTRY--PERSONAL NAME
Personal name Yeats, W. B.
Fuller form of name (William Butler),
Dates associated with a name 1865-1939.
9 (RLIN) 189197
245 14 - TITLE STATEMENT
Title The poems of W.B. Yeats /
Statement of responsibility, etc. W B Yeats; A Norman Jeffares
250 ## - EDITION STATEMENT
Edition statement 1st de.
260 ## - PUBLICATION, DISTRIBUTION, ETC. (IMPRINT)
Place of publication, distribution, etc. New York :
Name of publisher, distributor, etc. Printed at the Thistle Press for the members of the Limited Editions Club,
Date of publication, distribution, etc. c1962 [reprinted 1964]
300 ## - PHYSICAL DESCRIPTION
Pagination xviii, 135 p. :
Illustrations ill. ;
Size 29 cm.
504 ## - BIBLIOGRAPHY, ETC. NOTE
Bibliography, etc Include Bibliography,
650 ## - SUBJECT ADDED ENTRY--TOPICAL TERM
Topical term or geographic name as entry element English poetry.
9 (RLIN) 179095
651 #0 - SUBJECT ADDED ENTRY--GEOGRAPHIC NAME
Geographic name Ireland
Form subdivision Poetry.
9 (RLIN) 189198
700 ## - ADDED ENTRY--PERSONAL NAME
Personal name Jeffares A Norman
942 ## - ADDED ENTRY ELEMENTS (KOHA)
Source of classification or shelving scheme Dewey Decimal Classification
Koha item type Books
Holdings
Lost status Source of classification or shelving scheme Damaged status Not for loan Collection code Permanent Location Current Location Shelving location Date acquired Source of acquisition Cost, normal purchase price Total Checkouts Full call number Date last seen Copy number Koha item type
  Dewey Decimal Classification   Not For Loan Non-fiction Central Library, University of Rajshahi Central Library, University of Rajshahi Reading Room 23/10/1965 B.H.Blackwell 9.06   821 YEP 1964 02/02/2017 C-1 Books